书目信息 |
| 题名: |
字款设计百例经典
|
|
| 作者: | 朱琳珺 主编 | |
| 分册: | ||
| 出版信息: | 上海 东方出版中心 2003.05 |
|
| 页数: | 76页 | |
| 开本: | 29cm | |
| 丛书名: | 欧美经典平面设计系列 | |
| 单 册: | ||
| 中图分类: | J293 | |
| 科图分类: | ||
| 主题词: | 外文--美术字--欧洲--图集 , 外文--美术字--美洲--图集 , 外文 , 美术字 | |
| 电子资源: | ||
| ISBN: | 7-80186-054-3 | |
| 000 | 00809oam2 2200277 450 | |
| 001 | 002406062 | |
| 005 | 20070531093807.81 | |
| 010 | @a7-80186-054-3@dCNY35.00 | |
| 100 | @a20030708d2003 em y0chiy0110 ea | |
| 101 | 0 | @achi |
| 102 | @aCN@b310000 | |
| 105 | @aa z 000yy | |
| 200 | 1 | @a字款设计百例经典@AZi Kuan She Ji Bai Li Jing Dian@f朱琳珺主编@FZhu Lin Jun Zhu Bian |
| 210 | @a上海@c东方出版中心@d2003.05 | |
| 215 | @a76页@c图@d29cm | |
| 225 | 2 | @a欧美经典平面设计系列 |
| 410 | 0 | @12001 @a欧美经典平面设计系列 |
| 606 | 0 | @a外文@x美术字@y欧洲@j图集 |
| 606 | 0 | @a外文@x美术字@y美洲@j图集 |
| 606 | 0 | @a外文 |
| 606 | 0 | @a美术字 |
| 690 | @aJ293@v4 | |
| 701 | 0 | @a朱琳珺@AZhu Lin Jun@c(平面设计)@4主编 |
| 801 | 0 | @aCN@bTIGERTAZAN@c20070531 |
| 905 | @aBZT@dJ293@e3 | |
| 906 | @dCNY35.00@n0@r1 | |
| 字款设计百例经典/朱琳珺主编.-上海:东方出版中心,2003.05 |
| 76页:图;29cm.-(欧美经典平面设计系列) |
| ISBN 7-80186-054-3:CNY35.00 |
| ● |
| 相关链接 |
|
|
|
正题名:字款设计百例经典
索取号:J293/3
 
预约/预借
| 序号 | 登录号 | 条形码 | 馆藏地/架位号 | 状态 | 备注 |
| 1 | 533474 | 230143657 | 中心书库中库/ 中库018架A面4列4层52/ [索取号:J293/3] | 在馆 | |
| 2 | 533475 | 230143656 | 中心书库中库/ 中库018架A面3列4层43/ [索取号:J293/3] | 在馆 | |
| 3 | 533476 | 230143655 | 中心书库中库/ 中库018架B面7列4层41/ [索取号:J293/3] | 在馆 | |
| 4 | 533477 | 230143654 | 中心书库中库/ 中库019架A面1列6层33/ [索取号:J293/3] | 在馆 | |
| 5 | 533478 | 230143653 | 中心书库中库/ 中库020架A面1列6层68/ [索取号:J293/3] | 在馆 |